Prueba de Namibia - Estadísticas

Estadísticas generales
  • Esta prueba ha sido intentada 657 veces
  • La puntuación promedio es 12 de 20
Estadísticas de respuestas
Pista Respuesta % Correcto
Países limítrofes Sudáfrica
97%
Países limítrofes Angola
95%
Países limítrofes Botsuana
93%
Idioma oficial Inglés
92%
Países limítrofes Zambia
92%
País europeo que colonizó Namibia entre 1884 y 1915 Alemania
88%
Se estima que el 13,8% de los adultos son positivos para este virus VIH
83%
Capital de Namibia Windhoek
80%
El único país del mundo que está menos densamente poblado que Namibia Mongolia
75%
Namibia tiene una de las mayores poblaciones de este rápido mamífero Guepardo
69%
Desierto que cubre las partes oriental y central de Namibia Kalahari
68%
Desierto costero que es posiblemente el más antiguo del mundo Namib
59%
El río que forma parte de la frontera de Namibia con el país limítrofe #4 Zambeze
56%
Namibia es el cuarto mayor minero de este elemento con el número atómico 92 Uranio
52%
Zona costera "huesuda" donde un gran número de marineros europeos han muerto, (debido a la densa niebla y a las violentas tormentas) Costa de los {Esqueletos}
34%
El río que forma la frontera con el país limítrofe #3 Río Orange
34%
El _____ del Río Fish es el _____ más grande de África, con 160 km de largo y 550 metros de profundidad Cañón
19%
Un grupo de islas llamadas así por los pájaros que las habitan Islas Pingüino
19%
El único puerto natural, de cualquier tamaño, en la costa de Namibia Walvis Bay
18%
Grupo de personas del sur de África que forman una rama de la genética humana que se separó de todas las demás hace más de 100.000 años San
16%
No se encontraron pruebas coincidentes
Distribución de puntuación
Porcentaje de gente con cada puntuación
Porcentaje por número respondido
Historial de tus puntuaciones
No has intentado esta prueba.